00915nas a2200289 4500001001300000003000900013005001700022007000300039008003400042040005400076041000900130072001300139100002700152100001700179100001800196100002300214100001900237245013200256650001500388650001200403650001000415650002400425650003200449650001800481650001800499773010800517BR2015000049BR-BrBNA20231205124856.0ta230509b bl.|||p| |||| 00| 00por d aBR-BrBNAbporcBiblioteca Nacional de Agricultura a(En) aF01; F081 aAraújo Neto, S.E. de1 aCampos, P.A.1 aTavella, L.B.1 aSolino, A.J. da S.1 aSilva, I.F. da1 aOrganic polyculture of passion fruit, pineapple, corn and cassava: the influence of green manure and distance between espaliers aMARACUJÁ aABACAXI aMILHO aPLANTA DE COBERTURA aCONSORCIAÇÃO DE CULTURA aESPAÇAMENTO aPRODUTIVIDADE0 tCiência e Agrotecnologia (Brazil)xISSN 1413-7054 g(May-Jun 2014), v. 38(3) p. 247-255wBR2015000049